[Event "ChFRA - Accession"]
[Site "Val d'Isere"]
[Date "2002.08.??"]
[Round "9.10"]
[White "Colin, Vincent"]
[Black "Bolding, Klaus"]
[Result "1-0"]
[WhiteElo "2293"]
[BlackElo "2373"]
[PlyCount "85"]
[EventDate "2002.08.??"]

1. d4 d6 2. c4 g6 3. e4 Bg7 4. Nc3 Nd7 5. f4 e5 6. fxe5 dxe5 7. d5 Ne7 8. Nf3
O-O 9. Bd3 f5 10. O-O f4 11. b4 h6 12. c5 Kh7 13. Bd2 g5 14. Nb5 Ng6 15. d6
cxd6 16. Nxd6 Nf6 17. Bc3 Ng4 18. Qe1 Ne3 19. Rf2 g4 20. Nd2 Be6 21. N2c4 Bxc4
22. Bxc4 Qh4 23. Nf5 Nxf5 24. exf5 Rxf5 25. Bd3 Rg5 26. Qe4 Rd8 27. Rd1 g3 28.
hxg3 Qh5 29. Qe2 {#} 29... fxg3 30. Qxh5 gxf2+ 31. Kxf2 Rxh5 32. Bxg6+ Kxg6 33.
Rxd8 Rf5+ 34. Kg1 Rf7 35. b5 Rc7 36. c6 bxc6 37. Ba5 Bf6 38. Ra8 Rb7 39. bxc6
Rb1+ 40. Kf2 e4 41. c7 Bd4+ 42. Ke2 Rb2+ 43. Kd1 1-0

[Event "ChFRA - Accession"]
[Site "Val d'Isere"]
[Date "2002.08.??"]
[Round "9.36"]
[White "Seret, Jean-Luc"]
[Black "Chaplin, Erik"]
[Result "1-0"]
[WhiteElo "2310"]
[BlackElo "2163"]
[PlyCount "21"]
[EventDate "2002.08.??"]

1. e4 e5 2. Nf3 Nc6 3. Be2 Nf6 4. d3 d5 5. Nbd2 Be7 6. O-O O-O 7. c3 a5 8. b3
d4 9. cxd4 Nxd4 10. Bb2 Bd6 $4 11. Bxd4 {#} 1-0

[Event "ChFRA - Accession"]
[Site "Val d'Isere"]
[Date "2002.08.??"]
[Round "10.1"]
[White "Chabanon, Jean-Luc"]
[Black "Gozzoli, Yannick"]
[Result "1-0"]
[WhiteElo "2485"]
[BlackElo "2373"]
[Annotator ",Erick"]
[PlyCount "89"]
[EventDate "2002.08.??"]

1. d4 Nf6 2. Nf3 d5 3. c4 c6 4. e3 Bg4 5. Nc3 e6 6. Be2 Nbd7 7. O-O Bd6 8. b3
O-O 9. Bb2 Re8 10. h3 Bh5 11. Rc1 a6 12. a3 Rc8 13. Ne5 Bxe2 14. Nxe2 Qc7 15.
Nd3 Qd8 16. Rc2 Ne4 17. f3 Nef6 18. Nf2 e5 19. dxe5 Bxe5 20. Nd4 dxc4 21. bxc4
Nc5 22. f4 Bxd4 23. Qxd4 Qxd4 24. Bxd4 Nfe4 25. Rb1 Rc7 26. Nxe4 Nxe4 27. c5 f6
28. g4 Rd7 29. Kg2 Ree7 30. Kf3 g6 31. h4 Kf8 32. Rh1 Rd5 33. Rb1 h6 34. Rg1
Kf7 35. Rh1 Ke8 36. h5 g5 37. f5 Kd8 38. Rb1 Kc8 39. Rb4 Rd8 40. Bb2 Rde8 41.
Bc1 Re5 42. Rbc4 Kc7 43. Bb2 R5e7 44. Re2 a5 {#} 45. Rxe4 1-0

[Event "ChFRA - Accession"]
[Site "Val d'Isere"]
[Date "2002.08.??"]
[Round "10.2"]
[White "Marzolo, Cyril"]
[Black "Bujisho, Benjamin"]
[Result "1-0"]
[WhiteElo "2415"]
[BlackElo "2400"]
[PlyCount "77"]
[EventDate "2002.08.??"]

1. d4 d5 2. c4 c6 3. Nc3 Nf6 4. Nf3 e6 5. e3 Nbd7 6. Bd3 dxc4 7. Bxc4 b5 8. Bd3
Bb7 9. e4 b4 10. Na4 Qa5 11. O-O Ba6 12. b3 Bxd3 13. Qxd3 Be7 14. Bg5 h6 15.
Bxf6 Bxf6 16. Rac1 Qb5 17. Qc4 O-O 18. Qxc6 a6 19. Rfd1 Rad8 20. Qxb5 axb5 21.
Nc5 Nxc5 22. Rxc5 Ra8 23. d5 exd5 24. exd5 Rxa2 25. Rxb5 Rd8 26. g3 Bc3 27. d6
Ra3 28. Ne5 Ra6 29. Nc4 Rc6 30. Rb7 f6 31. Kg2 Be5 32. Rxb4 Bxd6 33. Rb5 Kf7
34. Rbd5 Ke6 35. Kf3 f5 36. Rxd6+ Rdxd6 37. Rxd6+ Rxd6 38. Nxd6 Kxd6 39. Kf4
1-0

[Event "ChFRA - Accession"]
[Site "Val d'Isere"]
[Date "2002.08.??"]
[Round "10.3"]
[White "Olivier, Jean-Christophe"]
[Black "Guidarelli, Laurent"]
[Result "0-1"]
[WhiteElo "2350"]
[BlackElo "2418"]
[PlyCount "66"]
[EventDate "2002.08.??"]

1. e4 c5 2. Nf3 d6 3. d4 cxd4 4. Nxd4 Nf6 5. Nc3 a6 6. Be2 e5 7. Nb3 Be7 8. O-O
O-O 9. a4 Be6 10. f4 exf4 11. Bxf4 Nc6 12. Kh1 Ne8 13. Nd5 Bxd5 14. exd5 Ne5
15. c4 Bf6 16. Be3 Rc8 17. c5 dxc5 18. Nxc5 Nd6 19. Qb3 Qe7 20. Bg1 Rfe8 21.
Rac1 g6 22. Rc2 Bg7 23. Rd1 h5 24. Bf1 Ng4 25. Re2 Qh4 26. Qg3 Qxg3 27. hxg3
Nf5 28. Rd3 Be5 29. d6 Bxd6 30. Ne4 Bb8 31. Bb6 Re6 32. a5 Rce8 33. Nc5 Rxe2
0-1

[Event "ChFRA - Accession"]
[Site "Val d'Isere"]
[Date "2002.08.??"]
[Round "10.4"]
[White "Dunis, Aurelien"]
[Black "Leroux, Jean-Pierre"]
[Result "1-0"]
[WhiteElo "2404"]
[BlackElo "2325"]
[Annotator ",Erick"]
[PlyCount "49"]
[EventDate "2002.08.??"]

1. c4 e5 2. d3 f5 3. g3 Nf6 4. Bg2 Bb4+ 5. Bd2 a5 6. Nc3 O-O 7. e3 d6 8. Nge2
Qe8 9. O-O f4 10. exf4 Qh5 11. Nd5 Nc6 12. Nxc7 Bc5 {#} 13. d4 exd4 14. Nc1 Bg4
15. f3 d3+ 16. Kh1 Nd4 17. Nxd3 Ne4 18. Be1 Nf5 19. Nxc5 Nfxg3+ 20. Bxg3 Nxg3+
21. Kg1 Nxf1 22. Nxa8 Ne3 23. Qxd6 Rxa8 24. fxg4 Qxg4 25. Qe6+ 1-0

[Event "ChFRA - Accession"]
[Site "Val d'Isere"]
[Date "2002.08.??"]
[Round "10.5"]
[White "Bellaiche, Anthony"]
[Black "Wirig, Anthony"]
[Result "1-0"]
[WhiteElo "2369"]
[BlackElo "2319"]
[PlyCount "99"]
[EventDate "2002.08.??"]

1. e4 c5 2. Nf3 Nc6 3. d4 cxd4 4. Nxd4 g6 5. Nc3 Bg7 6. Be3 Nf6 7. Bc4 O-O 8.
Bb3 e6 9. f4 e5 10. fxe5 Nxe5 11. O-O h6 12. h3 b6 13. Nf3 Nc6 14. Bf4 Ne8 15.
Bg3 Bb7 16. Qd2 Na5 17. Ne5 Nxb3 18. axb3 Qc7 19. Nd5 Bxd5 20. Qxd5 Rc8 21.
Rxf7 Qc5+ 22. Qxc5 Rxc5 23. Rxf8+ Bxf8 24. Nxd7 Rxc2 25. Rxa7 Bg7 26. Ra8 Kf7
27. Ne5+ Bxe5 28. Bxe5 Re2 29. Ra4 Ke6 30. Bc3 Nd6 31. e5 Nf5 32. Rb4 Kd5 33.
Rxb6 g5 34. Rf6 Nh4 35. Rf2 Re4 36. Rd2+ Kc5 37. Kf1 Nf5 38. Rd3 h5 39. Rf3
Ne3+ 40. Kf2 Nd1+ 41. Kg1 Ne3 42. Bd2 Nd5 43. Bxg5 Rxe5 44. Bf6 Re6 45. Bc3 Re4
46. Kf2 Kd6 47. g3 Ke6 48. Rf8 h4 49. Re8+ Ne7 50. Kf3 1-0

[Event "ChFRA - Accession"]
[Site "Val d'Isere"]
[Date "2002.08.??"]
[Round "10.7"]
[White "Chomet, Pascal"]
[Black "Colin, Vincent"]
[Result "1-0"]
[WhiteElo "2376"]
[BlackElo "2293"]
[PlyCount "67"]
[EventDate "2002.08.??"]

1. e4 e5 2. Nf3 Nc6 3. Bb5 a6 4. Ba4 Nf6 5. O-O b5 6. Bb3 Be7 7. Re1 O-O 8. d3
d6 9. c3 Na5 10. Bc2 c5 11. Nbd2 Qc7 12. Nf1 Nc6 13. a4 Be6 14. Qe2 h6 15. Ng3
b4 16. Bd2 Rab8 17. Rac1 bxc3 18. bxc3 Rb2 19. h3 Rfb8 20. Nh2 Ra2 21. Nhf1
Rbb2 22. Qd1 c4 23. Be3 cxd3 24. Qxd3 Na5 25. Nd2 Nc4 26. Nxc4 Bxc4 27. Qd1 Qa5
28. Nf5 Bf8 29. Bb1 Be2 30. Rxe2 Rxe2 31. Bxa2 Rxa2 32. Rb1 Rxa4 33. Bb6 Qxc3
34. Qxa4 1-0

[Event "ChFRA - Accession"]
[Site "Val d'Isere"]
[Date "2002.08.??"]
[Round "10.7"]
[White "Abergel, Thal"]
[Black "Anic, Darko"]
[Result "0-1"]
[WhiteElo "2361"]
[BlackElo "2454"]
[PlyCount "60"]
[EventDate "2002.08.??"]

1. e4 c6 2. d4 d5 3. Nc3 dxe4 4. Nxe4 Nf6 5. Nxf6+ gxf6 6. Bc4 Bf5 7. Be3 Nd7
8. Ne2 Nb6 9. Bd3 Qd7 10. O-O h5 11. c4 h4 12. Qc2 Bxd3 13. Qxd3 Rg8 14. f3
O-O-O 15. a4 Qe6 16. b3 f5 17. d5 Nxd5 18. cxd5 Rxd5 19. Nd4 Qd7 20. f4 Bg7 21.
Qc4 Bxd4 22. Bxd4 Rxd4 23. Qxf7 Qd5 24. Qxd5 cxd5 25. Rad1 Rxd1 26. Rxd1 e6 27.
Kf2 Kd7 28. Rd3 Kd6 29. Rc3 Rg4 30. Kf3 e5 0-1

[Event "ChFRA - Accession"]
[Site "Val d'Isere"]
[Date "2002.08.??"]
[Round "10.8"]
[White "Lerch, Patrice"]
[Black "Pira, Davoud"]
[Result "0-1"]
[WhiteElo "2312"]
[BlackElo "2447"]
[PlyCount "84"]
[EventDate "2002.08.??"]

1. e4 c5 2. Nc3 Nc6 3. g3 g6 4. Bg2 Bg7 5. d3 d6 6. Be3 Rb8 7. Qd2 b5 8. Nge2
Nd4 9. O-O b4 10. Nd1 h5 11. Nc1 h4 12. c3 Nc6 13. f3 hxg3 14. hxg3 bxc3 15.
bxc3 Qa5 16. Qc2 Nf6 17. Nf2 c4 18. d4 Qh5 19. Nd1 d5 20. e5 Qh2+ 21. Kf2 Bh3
22. Rg1 Nh5 23. Ne2 Bxe5 24. dxe5 Nxe5 25. Qa4+ Kf8 26. Bd4 Nd3+ 27. Ke3 Nxg3
28. Qxa7 Nxe2 29. Rh1 Qg3 30. Qxb8+ Qxb8 31. Kxe2 Nf4+ 32. Kd2 e5 33. Bc5+ Kg7
34. Bxh3 Nxh3 35. a4 Qc8 36. Bd6 Qe6 37. Bc7 Rc8 38. Ba5 d4 39. Re1 Qf5 40. Rf1
Qd3+ 41. Ke1 Ng5 42. Bb4 Rh8 0-1

[Event "ChFRA - Accession"]
[Site "Val d'Isere"]
[Date "2002.08.??"]
[Round "10.10"]
[White "Delaunay, Sebastien"]
[Black "Rainfray, Arnaud"]
[Result "0-1"]
[WhiteElo "2271"]
[BlackElo "2374"]
[PlyCount "48"]
[EventDate "2002.08.??"]

1. Nf3 d5 2. d4 Nf6 3. g3 e6 4. Bg2 Be7 5. O-O O-O 6. Nbd2 c5 7. c4 Nc6 8. cxd5
exd5 9. dxc5 Bxc5 10. Nb3 Bb6 11. Bf4 Re8 12. Rc1 Bg4 13. Re1 Ne4 14. Rf1 Qf6
15. Qxd5 Qxb2 16. Qc4 Nxf2 17. Rc2 Nd3+ 18. Kh1 Qf6 19. h4 Nf2+ 20. Kh2 Re4 21.
Qd5 Rxf4 22. gxf4 Qxf4+ 23. Kg1 Bxf3 24. e3 Bxe3 0-1